the effect of using sun-dry taro leave in feed ingredient on growth rate of quail experiment station at royal university of agriculture (​ ឥទ្ធិពលនៃការប្រើប្រាស់ស្លឹកត្រាវព្រៃក្រៀមក្នុងចំណីផ្សំទៅលើការលូតាស់របស់ក្រួចនៅស្ថានីយ៍ពិសោធន៍នៃសាកលវិទ្យាល័យភូមិន្ទកសិកម្ម) (Record no. 2129)

000 -LEADER
fixed length control field 00877nam a22001577a 4500
003 - CONTROL NUMBER IDENTIFIER
control field OSt
005 - DATE AND TIME OF LATEST TRANSACTION
control field 20151007110550.0
008 - FIXED-LENGTH DATA ELEMENTS--GENERAL INFORMATION
fixed length control field 151007b xxu||||| |||| 00| 0 eng d
040 ## - CATALOGING SOURCE
Transcribing agency RUA
082 ## - DEWEY DECIMAL CLASSIFICATION NUMBER
Classification number AVM CHR 2007 B079 Or.1
100 ## - MAIN ENTRY--PERSONAL NAME
9 (RLIN) 2260
Personal name CHRENG, CHAMROEUN.
245 ## - TITLE STATEMENT
Title the effect of using sun-dry taro leave in feed ingredient on growth rate of quail experiment station at royal university of agriculture (​ ឥទ្ធិពលនៃការប្រើប្រាស់ស្លឹកត្រាវព្រៃក្រៀមក្នុងចំណីផ្សំទៅលើការលូតាស់របស់ក្រួចនៅស្ថានីយ៍ពិសោធន៍នៃសាកលវិទ្យាល័យភូមិន្ទកសិកម្ម)
260 ## - PUBLICATION, DISTRIBUTION, ETC. (IMPRINT)
Place of publication, distribution, etc. Phnom Penh
Name of publisher, distributor, etc. RUA
Date of publication, distribution, etc. 2007
300 ## - PHYSICAL DESCRIPTION
Extent ix, 42p.
Other physical details ill.
Dimensions 29cm.
942 ## - ADDED ENTRY ELEMENTS (KOHA)
Source of classification or shelving scheme
Koha item type AVM
Holdings
Price effective from Date last seen Permanent Location Not for loan Date acquired Source of classification or shelving scheme Koha item type Lost status Withdrawn status Total Renewals Date last checked out Total Checkouts Shelving location Damaged status Barcode Current Location Full call number
2015-10-072020-02-21Library Block B 2015-10-07 AVM   2020-02-101B079 RUA025356Library Block BAVM CHR 2007 B079 Or.1
2015-10-072016-09-02Library Block B 2015-10-07 AVM   2016-08-081B079 RUA025301Library Block BAVM CHR 2007 B079 Or.2
2015-10-072016-08-02Library Block B 2015-10-07 AVM   2016-05-261B079 RUA025440Library Block BAVM CHR 2007 B079 Or.3
2015-10-072015-10-07Library Block B 2015-10-07 AVM     B079 RUA025323Library Block BAVM CHR 2007 B079 Or.4
2015-10-072021-09-17Library Block B 2015-10-07 AVM  12021-09-074B079 RUA015246Library Block BAVM CHR 2007 B079 Or.5
2015-10-072015-10-07Library Block B 2015-10-07 AVM     B079 RUA015234Library Block BAVM CHR 2007 B079 Or.6
2015-10-072016-10-17Library Block B 2015-10-07 AVM   2016-09-271B079 RUA015244Library Block BAVM CHR 2007 B079 Or.7
មជ្ឈមណ្ឌលឯការនៃសាកលវិទ្យាល័យភូមិន្ទកសិកម្មចំការដូង

Powered by Koha